01017cam a2200277 i 450000100090000000300040000900500170001300800410003001000170007102000180008802500230010603700640012904000280019304200150022104300120023605000240024810000500027224501410032226000380046330000290050150400670053065000330059765000220063065000390065265100480069117100328OSt20180117085953.0111229s2011 pk b 001 0 eng  a 2011314990 a9789694073965 aP-E-2011314990; 28 bLibrary of Congress -- Islamabad Overseas OfficecRs 695.00 aDLCbengcDLCerdadDLC alcodeapcc aa-af---00aDS371.4b.J345 20111 aJalālzaʼī, Mūsá K̲h̲ān,eauthor.10aCivil war and the partition of Afghanistan :bindependent Pashtunistan, Khurasan, Blackwater and warlord militias /cMusa Khan Jalalzai. aKarachibRoyal book companyc2011 axvii, 222 pages ;c22 cm aIncludes bibliographical references (pages 210-215) and index. 0aWar on Terrorism, 2001-2009. 0aAfghan War, 2001- 0aPushtunsxPolitics and government. 0aAfghanistanxPolitics and governmenty2001-